[Event "Chess24 Legends of Chess"]
[Site "Online"]
[Date "2020.07.18"]
[Round "2.4"]
[White "Giri, Anish"]
[Black "Kramnik, Vladimir"]
[Result "1/2-1/2"]
[WhiteElo "2731"]
[BlackElo "2756"]
[Annotator "TA"]
[PlyCount "100"]
[EventDate "2020.07.21"]
[EventType "tourn"]
[SourceTitle "playchess.com"]
[Source "ChessBase"]
[SourceQuality "1"]

{[%evp 9,100,27,32,35,31,32,28,8,19,17,16,9,33,14,26,0,10,0,24,12,15,0,18,25,72,34,35,39,31,14,37,40,37,-11,18,-19,-11,-120,-28,-27,-17,-18,10,-29,-34,-28,-27,-31,-27,-39,-33,-208,-191,-174,-126,-126,-108,-164,0,-96,-81,-102,-3,-176,-176,-183,-170,-155,733,721,658,45,46,60,321,340,336,337,334,312,320,314,410,410,397,391,377,0,373,0,368,0,377]} 1. d4 Nf6 2. c4 d6 3. Nf3 Bf5 4. Nc3 g6 5. d5 Bg7 6. Nd4 {E61: King's Indian: Early deviations for White, including Smyslov System.} Bd7 7. e4 e5 8. dxe6 {White has an edge.} fxe6 9. Be2 O-O 10. O-O Nc6 11. Be3 {[#]} b6 $146 ({Predecessor:} 11... Nxd4 12. Bxd4 Bc6 13. Qc2 Qe7 14. Rad1 Nd7 15. Be3 Bxc3 16. Qxc3 Bxe4 17. Bh6 Rf7 {1-0 (48) Chatalbashev,B (2541)-Shirazi,K (2385) Lille 2015}) 12. b3 a6 13. Rc1 Ne5 14. h3 Nf7 15. Qd2 c5 16. Nf3 h6 17. e5 dxe5 18. Qc2 g5 19. Rcd1 {[%mdl 1024] White has compensation.} Qe7 20. Ne4 Bc6 21. Bd3 Nh5 22. g3 (22. b4 $5) 22... Rad8 {next ...Nd6 is good for Black.} 23. Qe2 (23. Be2 $11 {remains equal.}) 23... Nf6 (23... Qb7 $1 $17 24. Nfd2 Qe7) 24. Nfd2 $11 Nd6 25. Nxd6 $1 Rxd6 26. Bc2 (26. b4 $5 {[%cal Rb4c5]}) 26... Qb7 27. f3 Rfd8 28. Bf2 e4 29. fxe4 {With the idea e5.} e5 30. Nf3 $2 (30. g4 $15) 30... Nxe4 $19 {Hoping for ...Nc3.} 31. Rxd6 Rxd6 32. Be1 Rf6 33. Qd3 (33. Nh2 $17 {is a better defense.}) 33... Rd6 $2 (33... Nd6 $19 34. Qh7+ Kf8) 34. Qe3 (34. Qe2 $11) 34... Rd8 35. h4 g4 (35... gxh4 $1 $17 36. gxh4 Rd6) 36. Nxe5 $2 (36. Nh2 $1 $11 {and White stays safe.}) 36... Bxe5 37. Qxh6 Bd4+ 38. Kh2 {[#] Strongly threatening Bxe4.} Bg7 $2 (38... Nf6 $1 $17 39. Rxf6 Bxf6 40. Qxf6 Re8 41. Qg6+ Qg7 42. Qxc6 Re2+ {[%mdl 64] Double Attack} 43. Kg1 Rxe1+ 44. Kf2 Re7 45. Qc8+ Qf8+ 46. Qxf8+ Kxf8) 39. Qe6+ $1 $18 {[%mdl 64] Double Attack} Kh8 {[#]} 40. Rf7 $2 (40. Rf5 $1 $18 {[%cal Rf5h5] White wants to mate with Rh5+.} Be8 41. Rd5 (41. Qxe4 Qxe4 42. Bxe4 Rd1 $14)) 40... Rd6 $1 $14 {[%cal Rd6e6]} 41. Qf5 $40 {[%mdl 128] White mounts an attack.} Rf6 $2 {[%mdl 8192]} (41... Qxf7 $1 $14 42. Qxf7 Nd2) 42. Qh5+ $18 ({And not} 42. Rxb7 Rxf5 43. Rxb6 Rf1 $17) 42... Rh6 43. Rxb7 {Rb8+ would kill now.} Rxh5 {[#]} 44. Rb8+ $1 ({Weaker is} 44. Rxb6 Be8 $11) 44... Kh7 45. Rxb6 {[%mdl 64] Double Attack} Ba8 46. Rxa6 Bb7 47. Ra7 Bc6 48. Ra6 ({Resist} 48. Bc3 Rf5 $18) 48... Bb7 49. Ra7 Bc6 {intending ...Kg8.} 50. Ra6 Bb7 {[%mdl 32768] Accuracy: White = 65%, Black = 62%. . An unexpected result.} 1/2-1/2

[Event "Chess24 Legends of Chess"]
[Site "Online"]
[Date "2020.07.18"]
[Round "2.4"]
[White "Leko, Peter"]
[Black "Svidler, Peter"]
[Result "0-1"]
[WhiteElo "2710"]
[BlackElo "2742"]
[Annotator "TA"]
[PlyCount "70"]
[EventDate "2020.07.21"]
[EventType "tourn"]
[SourceTitle "playchess.com"]
[Source "ChessBase"]
[SourceQuality "1"]

{[%evp 14,70,18,13,17,8,14,11,5,8,45,27,39,26,35,20,36,33,35,36,44,36,48,25,33,29,32,23,35,17,31,-12,-12,-12,-8,-4,-11,-22,-22,-16,-18,-20,-26,-37,-8,-52,-50,-49,-14,-71,-74,-1165,-1145,-29985,-29986,-29986,-29987,-29992,-29992]} 1. e4 e5 2. Nf3 Nc6 3. Bc4 Bc5 4. O-O Nf6 5. d3 d6 6. c3 O-O 7. Re1 h6 8. h3 a5 $1 {[%mdl 4] is more profitable than 8...a6 at the moment. Played by Magnus Carlsen in May 2020. C54: Giuoco Piano: 4 c3 Nf6, main lines with 5 d4 and 5 d3.} 9. Nbd2 {[%cal Bb1d2,Bd2f1,Bf1g3][%mdl 32]} a4 10. Bb5 Bd7 {The position is equal.} 11. Nf1 Nb8 $5 {[%mdl 4] Exploring less charted territory.} 12. Bxd7 Nbxd7 13. Ng3 Re8 {[#]} 14. d4 $146 ({Predecessor:} 14. Nh2 c6 15. Nf5 d5 16. Qf3 Bf8 17. Ng4 Kh7 18. Be3 Nxg4 19. hxg4 g6 20. Ng3 {1-0 (87) Kollars,D (2503)-Thybo,J (2449) Stroebeck 2017}) 14... Bb6 15. Bd2 c5 {[%cal Rc5d4]} 16. dxe5 Nxe5 17. Nxe5 dxe5 18. c4 Ba5 19. Re2 Bxd2 20. Rxd2 Qa5 21. Nf5 Rad8 22. Ne7+ Kf8 23. Rxd8 Rxd8 24. Nd5 Nxe4 25. Qc2 Nf6 $36 {[%mdl 2048] White is under pressure.} 26. Nc3 a3 27. bxa3 Qxa3 28. Rb1 Rd7 29. Rb6 Qa5 30. Rb5 Qc7 31. Na4 (31. a4 $11 {remains equal.}) 31... Qd8 $17 {Threatens to win with ...Rd1+.} 32. Nxc5 $2 {[%mdl 8192] This costs White the game.} (32. Nc3 $17) 32... Rd1+ $19 33. Kh2 {[#]} Ng4+ $1 {[%mdl 512] Black mates.} 34. Kg3 {[#]} (34. hxg4 Qh4#) 34... Qg5 $1 {[%mdl 512]} 35. Nd7+ Kg8 {Accuracy: White = 68%, Black = 91%.} 0-1

[Event "Chess24 Legends of Chess"]
[Site "Online"]
[Date "2020.07.18"]
[Round "2.4"]
[White "Gelfand, Boris"]
[Black "Ivanchuk, Vasyl"]
[Result "1-0"]
[WhiteElo "2702"]
[BlackElo "2686"]
[Annotator "TA"]
[PlyCount "77"]
[EventDate "2020.07.21"]
[EventType "tourn"]
[SourceTitle "playchess.com"]
[Source "ChessBase"]
[SourceQuality "1"]

{[%evp 11,77,31,31,8,37,0,0,0,0,0,0,-8,18,7,12,2,100,80,142,142,256,76,76,86,85,67,67,44,37,23,123,-27,13,8,6,4,20,0,27,16,83,75,116,61,166,163,155,144,177,70,50,47,47,8,59,47,97,57,72,0,0,0,146,123,807,826,29998,29999]} 1. Nf3 Nf6 2. c4 g6 3. Nc3 d5 4. cxd5 Nxd5 5. e4 Nxc3 6. bxc3 Bg7 7. Rb1 {A16: English Opening: 1...Nf6 with ...d5.} O-O 8. h4 c5 9. h5 {The position is equal.} Nc6 10. hxg6 hxg6 11. Qe2 b6 12. Qe3 {Black should prevent Qf4.} Qd6 {[#]} 13. Qg5 $146 {Strongly threatening Qh4.} ({Predecessor:} 13. Ng5 Ne5 14. f4 Ng4 15. Qh3 Nh6 16. Qg3 e5 17. d3 exf4 18. Bxf4 Qe7 19. Bd6 Qf6 20. e5 Re8 21. Be2 Qd8 22. Qh4 f6 23. Qc4+ {1-0 (23) Dubov,D (2699)-Svidler,P (2723) chess.com INT 2020}) 13... Qe6 (13... Rd8 $11) 14. Qh4 $16 {[%csl Gh1][%cal Rh4h7]} Rd8 (14... f6 $142) 15. Bb5 $1 {d4! is the strong threat.} (15. Ng5 Qxa2 16. Rb2 Qa1 $19) 15... Rd6 (15... Ne5 $16 {was called for.}) 16. Ng5 $2 (16. d4 $1 $18 {is the precise move to win.} Qxa2 17. Qh7+ (17. Rb2 Qa1 $18) 17... Kf8 18. O-O) 16... Qxa2 17. Rb2 Qa1 {[#]} 18. O-O $1 {Black must now prevent Bc4.} Ba6 $1 19. Bxa6 Qxa6 20. f4 Rf6 (20... Qd3 $1 $11) 21. Nh7 ({Better is} 21. d4 $16) 21... Qd3 22. Nxf6+ exf6 23. Re1 Rd8 24. Re3 Qc4 (24... Qa6 {is interesting.} 25. Qg4 c4 26. Rh3 Qa1 27. Qd1 Rd3) 25. Qe1 Qe6 (25... Bh6 $11) 26. d3 Rd7 27. Rf2 (27. Rh3 $16) 27... Bf8 (27... b5 $14) 28. f5 $18 Qd6 29. Rh3 {And now fxg6 would win.} Ne5 {[#]} 30. Bf4 (30. Rd2 $1 $18) 30... g5 $1 $14 31. Bxe5 Qxe5 32. Rc2 Bd6 ({Black should try} 32... b5 $11) 33. Qe2 Kf8 34. Rh8+ Ke7 35. Qh5 (35. Qf2 $16) 35... Qg3 $11 {[%cal Rg3e1]} 36. Rf2 $40 {[%mdl 128] Black needs to defend precisely.} Bf4 (36... Qe5 $11 {keeps the balance.}) 37. Qh6 $16 {[%csl Gh8][%cal Rh6f8]} Kd6 $2 {[%mdl 8192]} (37... Rd8 $16 38. Rxd8 Kxd8) 38. Rc8 $18 {[%cal Rh6f6]} Rc7 39. Qxf6+ {Accuracy: White = 67%, Black = 41%.} 1-0

[Event "Chess24 Legends of Chess"]
[Site "Online"]
[Date "2020.07.18"]
[Round "3.1"]
[White "Ding, Liren"]
[Black "Ivanchuk, Vasyl"]
[Result "1/2-1/2"]
[WhiteElo "2836"]
[BlackElo "2686"]
[Annotator "TA"]
[PlyCount "89"]
[EventDate "2020.07.21"]
[EventType "tourn"]
[SourceTitle "playchess.com"]
[Source "ChessBase"]
[SourceQuality "1"]

{[%evp 22,89,18,15,66,56,89,87,75,55,64,64,54,62,56,62,57,57,57,56,56,63,51,59,52,33,28,36,30,27,76,75,124,120,144,112,135,119,358,355,332,104,153,76,83,83,104,105,124,34,61,0,0,0,50,0,4,0,23,-7,-3,-14,0,-77,0,0,0,-119,0,0]} 1. d4 Nf6 2. c4 e6 3. Nf3 b6 4. g3 Ba6 5. b3 Bb4+ 6. Bd2 Be7 7. Nc3 O-O 8. Rc1 d5 9. cxd5 exd5 10. Bg2 Bb7 11. O-O Na6 12. Ne5 Qc8 {E15: Queen's Indian: 4 g3 sidelines, 4 g3 Ba6 and 4 g3 Bb7 early deviations.} (12... Re8 $11) 13. Bg5 $14 Rd8 14. e3 h6 {White is better.} 15. Bxf6 Bxf6 {[#]} 16. Nd3 $146 ({Predecessor:} 16. Qh5 Qe6 17. Nd3 c6 18. b4 Nc7 19. a4 Qe7 20. Rb1 Bc8 21. Rfc1 g6 22. Qd1 {1-0 (59) Irwanto,S (2452)-Van den Doel,E (2579) Turin 2006}) 16... Qd7 17. b4 c6 18. a4 Nc7 19. Qb3 Ne6 20. Rfd1 Rac8 21. Qb1 Rc7 22. h4 g6 23. a5 bxa5 24. bxa5 Ba6 25. Na4 Bxd3 26. Rxd3 Rb7 27. Qc2 Rb5 28. Bh3 Be7 29. Rc3 ({Don't take} 29. Qxc6 Rxa5 30. Qxd7 Rxd7 $14) 29... Rxa5 $2 (29... Rc8 $16) 30. Rxc6 $18 {Bxe6 is the strong threat.} Bd6 {[#]} 31. Kg2 $2 (31. Rxd6 $1 $18 {[%mdl 512]} Qxd6 32. Bxe6) 31... Kg7 {[#]} 32. Nb2 (32. h5 $142 $1 {[%mdl 512]}) 32... Qe7 33. Nd3 Nf8 {[%cal Be6f8,Bf8h7,Bh7f6][%mdl 32]} 34. Nc5 Rb8 35. Qe2 (35. Bg4 $16) 35... Nh7 36. Nd7 ({Better is} 36. h5 $14) 36... Rd8 $11 37. Nc5 Nf6 (37... Rb8 {keeps more tension.}) 38. Kg1 (38. Bg4 $5) 38... Rb8 39. Bg2 Rab5 40. Nd3 a5 41. Ra6 R8b6 42. Ra8 {[#]} (42. Rxb6 $11 {was the only way to keep the balance.} Rxb6 43. Nc5) 42... Rb8 (42... Qb7 $1 $17 {[%cal Rb7a8]} 43. Rcc8 a4) 43. Ra6 R8b6 44. Ra8 {[#]} (44. Rxb6 $11 Rxb6 45. Nc5) 44... Rb8 (44... Qb7 $1 $17 {[%cal Rb7a8]} 45. Rac8 Rb1) 45. Ra6 {Blacks defense is rewarded with a draw. Accuracy: White = 63%, Black = 65%.} 1/2-1/2

[Event "Chess24 Legends of Chess"]
[Site "Online"]
[Date "2020.07.18"]
[Round "3.1"]
[White "Anand, Viswanathan"]
[Black "Kramnik, Vladimir"]
[Result "0-1"]
[WhiteElo "2751"]
[BlackElo "2756"]
[Annotator "TA"]
[PlyCount "126"]
[EventDate "2020.07.21"]
[EventType "tourn"]
[SourceTitle "playchess.com"]
[Source "ChessBase"]
[SourceQuality "1"]

{[%evp 15,126,9,13,0,19,20,20,25,28,25,26,19,32,25,33,33,31,17,16,20,44,42,46,43,52,49,58,57,63,18,29,28,35,35,33,-6,0,-7,-14,-25,-33,-27,-25,-27,-27,-108,-33,-15,0,0,0,0,137,173,97,157,131,137,325,354,352,351,338,329,314,316,306,300,268,314,269,256,226,219,218,200,181,40,5,0,0,0,0,0,0,0,0,0,-42,-800,-782,-807,-810,-704,0,0,0,0,0,0,0,0,0,0,0,0,0,0,0,0,818,-12843,-12843]} 1. e4 e6 2. d4 d5 3. Nc3 Nf6 4. e5 Nfd7 5. f4 c5 6. Nf3 Nc6 7. Be3 Be7 8. Qd2 a6 9. Bd3 {C11: French: Classical System: 4 e5 and 4 Bg5 dxe4.} b5 10. a3 c4 $5 {[%mdl 4] An interesting side line.} 11. Be2 {The position is equal.} Nb6 12. O-O Bd7 {[#]} 13. Bd1 $146 ({Predecessor:} 13. Kh1 g6 14. Na2 Qc7 15. c3 a5 16. Ng5 a4 17. Rae1 Na5 18. Nc1 h6 19. Nh3 O-O-O 20. Bd1 Rdg8 21. Bc2 Nb3 22. Qe2 Kb7 23. Rf3 Qc8 24. Ref1 {½-½ (24) Lodi,L (1991)-Fur,K (1870) Hungary 2009}) 13... g6 14. h3 Qc7 15. Bf2 h6 16. Ne2 a5 17. c3 O-O-O 18. Bh4 (18. Bc2 {seems wilder.} Rdg8 19. Bg3 Kb7 20. Rab1 Ra8 21. Bh4) 18... Bxh4 19. Nxh4 Kb7 20. Nf3 Ra8 21. Bc2 Qd8 22. g4 Qe7 23. Ng3 b4 24. axb4 axb4 25. Rxa8 Rxa8 26. f5 gxf5 {Black wants to play ...Ra2.} 27. gxf5 Ra2 28. Qc1 $1 bxc3 29. bxc3 Qa3 30. Bb1 (30. Qxa3 $11 Rxa3 31. Ne2) 30... Qxc1 (30... Rb2 $1 $17 31. fxe6 fxe6) 31. Rxc1 $15 Rb2 32. f6 Na4 33. Bh7 Na5 (33... Be8 $11) 34. Bg6 $1 $16 {[%cal Rg6f7]} Nb3 (34... Be8 $18) 35. Re1 $1 Be8 36. Nf5 $1 {[%cal Rf5d6]} fxg6 $2 (36... exf5 $2 37. e6 $18) (36... Kc6 $16 {was called for.} 37. Nd6 {[%mdl 64] Double Attack} fxg6 38. Nxe8 Kd7) 37. Nd6+ $18 Kc7 38. Nxe8+ Kd7 39. Nd6 g5 ({Not} 39... Nxc3 $2 40. f7 $18) 40. Nf5 $1 {Black must now prevent f7.} Ke8 ({Wrong is} 40... exf5 $2 41. e6+ Ke8 42. Ne5 $18) 41. Nxh6 Nxc3 42. Nxg5 Nxd4 43. f7+ Ke7 44. Ra1 {Intending Ra7+ and mate.} Nce2+ 45. Kf2 {White threatens Ra7+ and mate.} Nf4+ {[#]} 46. Kg3 ({White has to play} 46. Kf1 $1 $18 {White wants to mate with Ra7+.} Nc6 47. Ng8+ Kf8 48. Nf6) 46... Ng6 $1 $14 47. Ra7+ Kd8 {And now ...c3 would win.} 48. Ra8+ Kc7 {...c3 is the strong threat.} 49. Rg8 Ne2+ 50. Kf2 Nef4+ 51. Ke3 c3 52. Nxe6+ $2 {[%mdl 8192]} (52. Rxg6 $15 Nxg6 53. Nxe6+ Kd7 54. Nf4 d4+ 55. Ke4) 52... Nxe6 $19 53. Rxg6 $15 {[%mdl 4096] Endgame KRN-KRN} d4+ 54. Ke4 {[#]} Re2+ $2 (54... c2 $1 $19 {[%cal Rc2c1]} 55. Rg1 Rb1) 55. Kf3 $1 $11 ({But not} 55. Kf5 $2 Nf8 $19) 55... Re3+ 56. Kg4 Nf8 57. Rg8 $1 {[%cal Rg8f8]} Nd7 58. Nf5 $1 {[%cal Rf5e3]} c2 59. Nxe3 c1=Q 60. Nd5+ Kb7 61. e6 Qd1+ 62. Kg5 Qd2+ $2 {[%mdl 8192]} (62... Qc1+ $11 63. Kg4 Qd1+ 64. Kg5 Qg1+ 65. Kf5 Qf1+ 66. Nf4 Qb1+ 67. Kg5 Qg1+ 68. Kh6 Qe3 69. exd7 Qxf4+ {[%mdl 64] Double Attack} 70. Kg7 Qg5+ 71. Kh7 Qf5+ 72. Kg7 Qxd7) 63. Kg6 $4 {[%mdl 8192]} (63. Nf4 $18 Nc5 64. Rg6) 63... Qg2+ {[%mdl 64] Double Attack. Both players deserved the win here. Accuracy: White = 79%, Black = 85%.} 0-1

[Event "Chess24 Legends of Chess"]
[Site "Online"]
[Date "2020.07.18"]
[Round "3.1"]
[White "Giri, Anish"]
[Black "Nepomniachtchi, Ian"]
[Result "0-1"]
[WhiteElo "2731"]
[BlackElo "2778"]
[Annotator "TA"]
[PlyCount "122"]
[EventDate "2020.07.21"]
[EventType "tourn"]
[SourceTitle "playchess.com"]
[Source "ChessBase"]
[SourceQuality "1"]

{[%evp 14,122,29,23,28,14,23,31,25,8,12,10,19,29,21,13,9,6,0,0,0,0,0,0,0,0,0,0,0,0,0,0,76,62,544,532,523,327,314,332,327,325,313,333,341,337,331,331,333,330,329,332,340,326,318,245,268,202,184,152,169,156,142,8,14,0,159,41,42,0,0,0,0,0,0,0,0,0,0,0,0,0,0,0,0,0,0,0,0,-29968,-29958,-29976,-29977,-29979,-29980,-29980,-29981,-29981,-29982,-29981,-29982,-29982,-29983,-29983,-29981,-29981,-29982,-29986,-29983,-29983,-29984]} 1. d4 Nf6 2. c4 g6 3. Nc3 d5 4. cxd5 Nxd5 5. Bd2 Bg7 6. e4 Nxc3 7. Bxc3 O-O 8. Qd2 Nc6 {[%cal Rc6d4] D85: Exchange Grünfeld: Unusual White 7th moves and lines with 7 Nf3.} 9. Nf3 Bg4 {With the idea ...Bxf3.} 10. d5 Bxf3 {White is slightly better.} 11. Bxg7 Kxg7 12. gxf3 Ne5 13. O-O-O c6 14. Qc3 f6 $132 {[%mdl 2048] Black has counterplay} 15. f4 Nf7 $1 16. d6 exd6 17. h4 {[#]} Qb6 $146 ({Predecessor:} 17... d5 18. h5 Qe7 19. exd5 Qe4 20. Rh4 cxd5 21. Bd3 Qf3 22. Qd2 Nd6 23. hxg6 hxg6 {½-½ (36) Biedermann,T (2450)-Chesakov,L (2466) ICCF email 2018}) 18. Qg3 {[#]} d5 $1 {[%mdl 512]} 19. exd5 Rad8 20. h5 Qc5+ ({Much weaker is} 20... cxd5 21. hxg6 hxg6 22. Bd3 $16) 21. Kb1 {Hoping for hxg6.} Rxd5 {[%cal Rd5d1]} 22. Rc1 Qd4 {[#]} (22... Qb4 $11 {remains equal.} 23. Bd3 g5) 23. Bc4 $1 $16 Rc5 $2 {[%mdl 8192]} (23... Rdd8 $1 $14) 24. hxg6 $18 hxg6 25. Rhd1 Rxc4 26. Rxd4 Rxd4 27. Rg1 Nh8 28. f5 g5 29. f4 Nf7 30. fxg5 fxg5 31. Qc7 g4 32. Qxb7 Rfd8 33. Qxc6 R8d6 34. Qf3 Ne5 35. Qe3 Kf6 36. Qh6+ Kxf5 37. Qf8+ Kg5 38. Qe7+ (38. a4 $16) 38... Kf4 $11 39. Qf8+ (39. a4 $11) 39... Kg5 $16 40. Qg8+ ({Better is} 40. Rg2 $16) 40... Kf4 $1 $14 41. Qb3 ({But not} 41. Qf8+ $6 Kg5 $16) (41. a4 $5) 41... Rd3 42. Qb4+ R3d4 43. Qb3 Nf3 44. Rf1 Kg3 45. Qe3 Rd3 46. Qf2+ Kf4 47. Qxa7 {a4 is the strong threat.} Rd1+ 48. Rxd1 Rxd1+ $11 {[%mdl 4096] Endgame KQ-KRN} 49. Kc2 Rd2+ 50. Kc3 {aiming for Qc7+.} g3 {And now ...g2 would win.} 51. Qf7+ $2 {[%mdl 8192]} (51. Qb8+ $11 Kg4 52. Qg8+ Kf4 53. Qb8+ Kg4 54. Qc8+ Kf4 55. Qb8+) 51... Ke3 {Black mates.} 52. Qe7+ Kf2 53. Qc5+ Rd4 54. Qf5 g2 55. Qc2+ Rd2 56. Qg6 g1=Q 57. Qxg1+ Kxg1 58. a4 Rd8 59. a5 Ne5 60. b4 Nc6 61. a6 Rb8 {Never resign too early! Accuracy: White = 74%, Black = 90%.} 0-1

[Event "Chess24 Legends of Chess"]
[Site "Online"]
[Date "2020.07.18"]
[Round "3.1"]
[White "Leko, Peter"]
[Black "Carlsen, Magnus"]
[Result "1/2-1/2"]
[WhiteElo "2710"]
[BlackElo "2881"]
[Annotator "TA"]
[PlyCount "87"]
[EventDate "2020.07.21"]
[EventType "tourn"]
[SourceTitle "playchess.com"]
[Source "ChessBase"]
[SourceQuality "1"]

{[%evp 20,87,16,20,33,34,29,39,36,21,48,48,48,32,47,47,51,42,47,47,47,47,55,55,55,40,49,53,65,70,61,49,99,99,95,81,108,99,141,80,80,73,77,79,83,77,75,71,84,63,75,20,51,43,52,15,15,15,22,22,29,8,8,8,8,8,8,8,8,3]} 1. d4 Nf6 2. c4 g6 3. g3 Bg7 4. Bg2 O-O 5. Nc3 d6 6. Nf3 c5 7. O-O Nc6 8. d5 Na5 9. Nd2 e6 10. Qc2 exd5 11. cxd5 Bd7 {E66: King's Indian: Fianchetto: 6...c5 7 0-0 Nc6 8 d5.} 12. b3 b5 {With the idea ...b4.} 13. Bb2 Rc8 {White is slightly better.} 14. Nce4 {[#]} Nb7 $146 ({Predecessor:} 14... Bf5 15. Bxf6 Bxf6 16. Nxf6+ Qxf6 17. e4 Bd7 18. Rfe1 Rfe8 19. Rac1 g5 20. Nf1 c4 {1-0 (54) Drazic,S (2426)-Topalov,A (2251) Novi Sad 2015}) 15. Nxf6+ Bxf6 16. a4 {axb5 is the strong threat.} b4 17. Bxf6 Qxf6 18. Nc4 Qg7 19. a5 {[#] Threatens to win with a6.} a6 $1 20. Nb6 Rc7 21. Nxd7 Rxd7 22. Qc4 Ra8 23. e4 Qd4 24. Qxd4 cxd4 25. Ra4 $1 Rc7 {[#]} 26. Rd1 $1 Rc3 27. Rxd4 ({Much worse is} 27. Rxb4 $6 Nxa5 28. Rb6 (28. Rbxd4 Nxb3 29. Ra4 Nc5 $11) 28... Nxb3 $11) 27... Nc5 28. Raxb4 Nxb3 29. Rdc4 (29. Rd1 $142) 29... Rxc4 $16 30. Rxc4 {And now Rc6 would win.} Nxa5 {[%mdl 4096] Endgame KRB-KRN} 31. Rc7 Kf8 32. f4 Nb3 33. e5 a5 34. exd6 {Black must now prevent d7.} Rd8 $1 35. Rc6 ({White should play} 35. Kf2 $16) 35... Nd4 36. Ra6 Nb5 37. Rxa5 Nxd6 38. Ra6 Ke7 39. Ra7+ Rd7 40. Rxd7+ Kxd7 {The position is equal.} 41. Kf2 Nc4 42. Ke2 Kd6 43. Kd3 Kc5 44. Bf3 {Accuracy: White = 88%, Black = 78%.} 1/2-1/2

[Event "Chess24 Legends of Chess"]
[Site "Online"]
[Date "2020.07.18"]
[Round "3.1"]
[White "Gelfand, Boris"]
[Black "Svidler, Peter"]
[Result "1/2-1/2"]
[WhiteElo "2702"]
[BlackElo "2742"]
[Annotator "TA"]
[PlyCount "78"]
[EventDate "2020.07.21"]
[EventType "tourn"]
[SourceTitle "playchess.com"]
[Source "ChessBase"]
[SourceQuality "1"]

{[%evp 17,78,0,0,0,0,0,0,0,0,14,49,0,28,0,45,45,57,23,50,17,46,50,64,54,41,45,41,45,41,41,38,33,41,37,34,33,33,40,33,33,61,58,68,68,142,20,20,20,20,20,22,12,26,25,19,0,0,0,21,0,12,0,7]} 1. Nf3 Nf6 2. c4 c5 3. Nc3 Nc6 4. d4 cxd4 5. Nxd4 e6 6. g3 Qb6 7. Nb3 Ne5 8. e4 Bb4 9. Qe2 d6 $1 10. Bd2 $1 {[%mdl 4] is more profitable than 10.f4 at the moment. A33: Symmetrical English: 2 Nf3 Nf6 3 d4 cxd4 4 Nxd4 e6 5 Nc3 Nc6.} a5 {[%cal Ba7a5,Ba5a4][%mdl 32]} 11. O-O-O $5 {[%mdl 4] Exploring less charted territory.} a4 12. Na1 $1 O-O 13. Nc2 Bc5 14. f4 Nc6 $1 15. Be3 {[#]} Rd8 $146 ({Predecessor:} 15... Qa5 16. Bxc5 Qxc5 17. Qd2 a3 18. Nxa3 Rxa3 19. bxa3 Qxa3+ 20. Kb1 e5 21. Bd3 Bg4 {1-0 (53) Gelfand,B (2684)-Tregubov,P (2588) Moscow 2019}) 16. Bxc5 Qxc5 17. Qe3 e5 18. f5 Qxe3+ 19. Nxe3 Nd4 20. g4 Bd7 21. g5 Nh5 22. Nc2 Nxc2 23. Kxc2 Bc6 24. Rg1 Kf8 25. Kd2 Ke7 26. Ke3 Nf4 27. Ne2 Nxe2 28. Bxe2 h6 29. gxh6 gxh6 30. Rg7 Rg8 {[#]} ({Better is} 30... Rh8 $1 $14) 31. Rdg1 (31. Rh7 $1 $16) 31... Rxg7 $11 32. Rxg7 {[%mdl 4096] Endgame KRB-KRB} Rh8 $1 33. Bh5 Be8 $1 34. h4 Kf6 35. Rg1 Bc6 36. Rd1 {The position is equal.} Ke7 37. Rg1 Kf6 38. Rd1 Ke7 39. Rg1 Kf6 {Accuracy: White = 81%, Black = 77%.} 1/2-1/2

[Event "Chess24 Legends of Chess"]
[Site "Online"]
[Date "2020.07.18"]
[Round "3.2"]
[White "Carlsen, Magnus"]
[Black "Leko, Peter"]
[Result "1/2-1/2"]
[WhiteElo "2881"]
[BlackElo "2710"]
[Annotator "TA"]
[PlyCount "82"]
[EventDate "2020.07.21"]
[EventType "tourn"]
[SourceTitle "playchess.com"]
[Source "ChessBase"]
[SourceQuality "1"]

{[%evp 18,82,14,0,15,27,10,16,12,-4,-7,-25,-18,-50,-52,-60,-63,-70,-72,-101,-98,-97,-87,-93,13,-92,-102,-93,-95,-91,-91,-98,-100,-90,-102,-89,-82,-84,-54,-57,-59,-65,-60,-74,-24,-23,0,0,0,0,0,0,0,0,21,0,0,0,0,0,0,0,0,0,0,0,0]} 1. c4 c5 2. Nf3 Nf6 3. Nc3 Nc6 4. e3 e6 5. d4 d5 6. cxd5 Nxd5 7. Bd3 Be7 8. O-O O-O 9. Qe2 $1 {[%mdl 4] is currently scoring better than 9.a3.} cxd4 10. exd4 Bd7 {[#] D42: Queen's Gambit Declined: Semi-Tarrasch: 5 cxd5 Nxd5 6 e3 Nc6 7 Bd3 .} 11. Qe4 $1 {[%csl Gd3][%cal Re4h7][%mdl 512]} g6 12. Bh6 Re8 {[#]} 13. Nxd5 $146 ({Predecessor:} 13. Rac1 Bf6 14. Nxd5 exd5 15. Qf4 Bh8 16. Rfe1 Rxe1+ 17. Rxe1 Qf6 18. Qc7 Qd8 19. Qf4 Qf6 20. Qc7 Qd8 21. Qf4 Qf6 {½-½ (21) Svidler,P (2727)-Wei,Y (2734) Baku 2015}) 13... exd5 14. Qf4 Qb8 15. Ne5 Nxe5 16. dxe5 Bd8 $1 17. Qb4 a5 $1 {[%cal Ra5b4]} 18. Qb3 Qxe5 19. Rae1 Qxe1 20. Rxe1 Rxe1+ 21. Bf1 {[#]} Re6 $1 22. Qxd5 Bc6 23. Qd2 Bf6 24. h3 a4 25. Bc4 Rd8 26. Qc1 Re4 27. b3 Rde8 28. Bd2 axb3 29. Bxb3 Bd4 30. Bc3 Bxc3 31. Qxc3 Rf4 32. f3 {The position is equal.} h5 33. Qd2 Rf5 34. Qd4 Rfe5 35. Kh2 R8e7 36. h4 Re8 37. Kg3 Rf5 38. Qd6 {Black must now prevent Qxg6+.} Kg7 39. Qd4+ Kg8 40. Qd6 {Qxg6+ is the strong threat.} Kg7 41. Qd4+ Kg8 {Accuracy: White = 92%, Black = 93%.} 1/2-1/2